00431nam a2200181 a 4500001001300000003000900013005001700022008004100039020001000080082001500090100001500105245001700120260003200137300000800169500003500177650002200212700001500234nice12345678IN_TiNIC20260116011627.0050524s1918 teha grp 000 0 urd  ac10000a269.2bCLA aClark, H E aMeezanuddin. aTehranbNo Publisher c1918 a48p aincludes index and biblioraphy aEvangelistic Work1 aClark, H E